000
00222nam a22001097a 4500
040
_c
SK
082
_a
638
100
_a
TE KUYHOR
245
_a
ការចិញ្ចឹមឃុំ
260
_a
RUA
_b
TE
_c
NA
942
_c
KB
999
_c
9579
_d
9579